000 00716nam a22001697a 4500
999 _c63600
_d63600
003 Ge_BSU
005 20251112211321.0
008 251112s1956 ge ||||| |||| 00| 0 geo d
041 _ageo
080 _a657.1 : 657.6/9 გ-69
100 _aგოგებაშვილი, შ.
_926211
245 _aსაბუხჰალტრო აღრიცხვის საფუძვლები საბჭოთა ვაჭრობაში :
_bნაწილი 1 /
_cშალვა გოგებაშვილი.
264 _aთბილისი,
_c1956.
300 _a314 გვ.;
_b23 სმ.
653 _aსაბუხჰალტრო აღრიცხვა
942 _2udc
_cᲬᲘᲒᲜᲘ